000 00338 a2200157 4500
001 62103
020 _a9788577342976
040 _cAnchieta - Pituba
100 _aAaronovitch, Ben
240 1 0 _aEnigmas de Londres
_lpor
245 1 0 _aEnigmas de Londres
300 _a365
362 0 _a2012
650 4 _aFicção inglesa
942 _cBK
999 _c62103
_d62103